| 000 | 01216nam a2200277Ia 4500 | ||
|---|---|---|---|
| 999 |
_c52528 _d52528 |
||
| 001 | 19552 | ||
| 003 | GE_BSU | ||
| 005 | 20200303230125.0 | ||
| 008 | 181216s1987||||ge |||||||||||||| ||geo|| | ||
| 040 | _cGE_BSU | ||
| 041 | _ageo | ||
| 080 | _a811.353.1-26 კ-49 | ||
| 100 |
_aკიზირია, ნ _97683 |
||
| 245 |
_aსალიტერატურო ქართულის ინტონაციის საკითხები / _cნ. კიზირია ; რედ. ზ. ჯაფარიძე. |
||
| 264 |
_aთბილისი : _bმეცნიერება, _c1987. |
||
| 300 |
_a142 გვ. : _bნოტ. ; _c20 სმ. |
||
| 504 | _aბიბლიოგრ. გვ. : 137-141 | ||
| 541 | _h5ლ. | ||
| 653 | _aინტონაცია ქართულ ენაში | ||
| 653 | _aქართული სალიტერატურო ენა | ||
| 653 | _aქართული ენა | ||
| 700 |
_aჯაფარიძე, ზ. _eრედაქტორი _97684 |
||
| 710 |
_aსაქ. სსრ მეცნ. აკადემია _97685 |
||
| 710 |
_aენათმეცნიერების ინ-ტი _97686 |
||
| 942 |
_cBK _2udc |
||